South Eastern Kenya University

Library Online Public Access Catalogue


Fanning the spark : (Record no. 11831)

MARC details
000 -LEADER
fixed length control field 00830cam a2200265 a 4500
001 - CONTROL NUMBER
control field 15349836
003 - CONTROL NUMBER IDENTIFIER
control field OSt
005 - DATE AND TIME OF LATEST TRANSACTION
control field 20160304113952.0
008 - FIXED-LENGTH DATA ELEMENTS--GENERAL INFORMATION
fixed length control field 080630s2009 alua s000 0aeng
010 ## - LIBRARY OF CONGRESS CONTROL NUMBER
LC control number 2008029212
020 ## - INTERNATIONAL STANDARD BOOK NUMBER
International Standard Book Number 9780817316457 (cloth : alk. paper)
020 ## - INTERNATIONAL STANDARD BOOK NUMBER
International Standard Book Number 0817316450 (cloth : alk. paper)
020 ## - INTERNATIONAL STANDARD BOOK NUMBER
International Standard Book Number 9780817381547 (electronic)
020 ## - INTERNATIONAL STANDARD BOOK NUMBER
International Standard Book Number 0817381546 (electronic)
035 ## - SYSTEM CONTROL NUMBER
System control number (OCoLC)ocn233030392
040 ## - CATALOGING SOURCE
Original cataloging agency SEKU
050 00 - LIBRARY OF CONGRESS CALL NUMBER
Classification number PS 3552
Item number .B7
100 1# - MAIN ENTRY--PERSONAL NAME
Personal name Brown, Mary Ward.
245 10 - TITLE STATEMENT
Title Fanning the spark :
Remainder of title a memoir /
Statement of responsibility, etc. Mary Ward Brown.
260 ## - PUBLICATION, DISTRIBUTION, ETC. (IMPRINT)
Place of publication, distribution, etc. Tuscaloosa :
Name of publisher, distributor, etc. University of Alabama Press,
Date of publication, distribution, etc. 2009.
300 ## - PHYSICAL DESCRIPTION
Extent 154 p. :
Other physical details ill. ;
Dimensions 23 cm.
600 10 - SUBJECT ADDED ENTRY--PERSONAL NAME
Personal name Brown, Mary Ward.
856 41 - ELECTRONIC LOCATION AND ACCESS
Materials specified Table of contents only
Uniform Resource Identifier <a href="http://www.loc.gov/catdir/toc/fy0904/2008029212.html">http://www.loc.gov/catdir/toc/fy0904/2008029212.html</a>
942 ## - ADDED ENTRY ELEMENTS (KOHA)
Source of classification or shelving scheme Library of Congress Classification
Koha item type General circulation
Holdings
Withdrawn status Lost status Source of classification or shelving scheme Damaged status Not for loan Home library Current library Shelving location Date acquired Source of acquisition Total Checkouts Full call number Barcode Date last seen Price effective from Koha item type Public note
    Library of Congress Classification     Main Campus Library Main Campus Library General Stacks 04/03/2016 Donations- Books for Africa   PS 3552 .B7 2016/015257 04/03/2016 04/03/2016 General circulation stv
Kitui, Kenya.
+254736116989
library@seku.ac.ke